000 00647nam a2200205Ia 4500
005 20250508164549.0
008 008 250505s9999 xx 000 0 eng d
037 _aTextual
040 _aFEDL
_beng
_cFEDL
041 _aeng
_2eng
084 _a371.307 8, NCE
_qFEDL
245 0 _aExemplar instructional material for work experience on basic skills in carpentry class 6th
245 0 _cN C E R T
260 _aNew Delhi, India
_bNational Council of Educational Research and Training
_c1987
300 _axii,74p.
365 _aINR
_b70
546 _aMACESE
942 _cTEXL
_h371.307 8, NCE
999 _c1389819
_d1389819